<?xml version="1.0" encoding="UTF-8"?>
<collection xmlns="http://www.loc.gov/MARC21/slim">
  <record>
    <leader>00000nam  2200000   4500</leader>
    <controlfield tag="001">INLIS000000000020469</controlfield>
    <controlfield tag="005">20250630025338</controlfield>
    <datafield tag="035" ind1="#" ind2="#">
      <subfield code="a">0010-0625000211</subfield>
    </datafield>
    <controlfield tag="007">ta</controlfield>
    <controlfield tag="008">250630################g##########0#ind##</controlfield>
    <datafield tag="020" ind1="#" ind2="#">
      <subfield code="a">979 3464 06 2</subfield>
    </datafield>
    <datafield tag="082" ind1="#" ind2="#">
      <subfield code="a">370.115</subfield>
    </datafield>
    <datafield tag="084" ind1="#" ind2="#">
      <subfield code="a">370.115 DED p</subfield>
    </datafield>
    <datafield tag="100" ind1=" " ind2="#">
      <subfield code="a">Dede Rosyada</subfield>
    </datafield>
    <datafield tag="245" ind1="1" ind2="#">
      <subfield code="a">Paradigma Pendidikan Demokratis :</subfield>
      <subfield code="b">Sebuah Model Pelibatan Masyarakat dalam Penyelenggaraan Pendidikan /</subfield>
      <subfield code="c">Dede Rosyada</subfield>
    </datafield>
    <datafield tag="250" ind1="#" ind2="#">
      <subfield code="a">Cetakan ke 3, Edisi ke 1</subfield>
    </datafield>
    <datafield tag="260" ind1="#" ind2="#">
      <subfield code="a">Jakarta :</subfield>
      <subfield code="b">Kencana,</subfield>
      <subfield code="c">2007</subfield>
    </datafield>
    <datafield tag="300" ind1="#" ind2="#">
      <subfield code="a">xiv, 308 halaman :</subfield>
      <subfield code="b">ilus ;</subfield>
      <subfield code="c">23 cm</subfield>
    </datafield>
    <datafield tag="650" ind1="#" ind2="4">
      <subfield code="a">Pendidikan Karakter</subfield>
    </datafield>
    <datafield tag="520" ind1="#" ind2="#">
      <subfield code="a">Reformasi bidang pendidikan Indonesia ditandai dengan perubahan radikal pada alur kebijakan pendidikan nasional yang pada saat ini bertumpu pada dua hal: otonomi dan demokratisasi. Hal tersebut berarti semakin besar tanggung jawab yang diemban kepala sekolah dan guru terhadap kualitas sekolah dan semakin lebar peluang masyarakat dan pengimplementasian demokrasi dalam kurikulum.&#13;
&#13;
Buku yang ada di tangan Anda ini merupakan kajian pemikiran yang konsepsional akademis, teoretis, dan bahkan juga menyentuh dimensi praktiknya dengan harapan dapat dijadikan rujukan dalam pengembangan sekolah secara demokratis. Tidak diarahkan untuk bersinggungan dengan aspek birokrasi pendidikan, buku ini memfokuskan pembahasannya kepada kajian evaluasi dan pengembangan kurikulum sekolah yang demokratis, proses belajar yang membelajarkan para siswa, serta pengelolaan sekolah yang partisipatif.</subfield>
    </datafield>
    <datafield tag="990" ind1="#" ind2="#">
      <subfield code="a">090211978</subfield>
    </datafield>
    <datafield tag="990" ind1="#" ind2="#">
      <subfield code="a">090211976</subfield>
    </datafield>
  </record>
</collection>
